| 000 | 00337nam a22001457a 4500 | ||
|---|---|---|---|
| 999 |
_c522712 _d522712 |
||
| 003 | NUST | ||
| 038 | _awaseem | ||
| 082 |
_a812 _bHOT |
||
| 100 |
_aHoward, Sidney _912915 |
||
| 245 |
_aYellow Jack / _cSidney Howard |
||
| 260 |
_aNew York : _bFawcett Publication, _c1961. |
||
| 300 | _a124 p. ; | ||
| 500 | _aPaperback. | ||
| 942 |
_2ddc _cBK |
||